[Event "41st World U20 ch"]
[Site "Panaji IND"]
[Date "2002.12.18"]
[Round "11.11"]
[White "Azarov, Sergei"]
[Black "Sharma, R. Preetham"]
[Result "1-0"]
[WhiteElo "2520"]
[BlackElo "2311"]
[EventDate "2002.12.09"]
[PlyCount "119"]

1.e4 c5 2.Nf3 d6 3.d4 cxd4 4.Nxd4 Nf6 5.Nc3 g6 6.Be3 Bg7 7.f3 O-O 8.Qd2 
Nc6 9.O-O-O d5 10.exd5 Nxd5 11.Nxc6 bxc6 12.Bd4 Bxd4 13.Qxd4 Qb6 14.Nxd5 
cxd5 15.Qxd5 Be6 16.Qb5 Qc7 17.Qa4 Rab8 18.Bd3 Rfc8 19.Qa3 Qe5 20.Rhe1 
Qxh2 21.Qxe7 Qf4+ 22.Kb1 Rxb2+ 23.Kxb2 Rb8+ 24.Bb5 Rxb5+ 25.Ka1 Qc4 26.
Qd8+ Kg7 27.Qd4+ Kh6 28.Rh1+ Kg5 29.Qxc4 Bxc4 30.Rd4 Be6 31.Rxh7 Rc5 32.
Kb2 Rb5+ 33.Kc3 Bxa2 34.Ra4 Rc5+ 35.Kb2 Be6 36.Rhh4 a5 37.Rhd4 Kh5 38.g3 
Bd5 39.Rh4+ Kg5 40.f4+ Kf6 41.g4 Be6 42.Rd4 Rc8 43.g5+ Kf5 44.Rh3 Rc5 45.
Ra3 Kg4 46.Kc1 Bf5 47.c4 Be6 48.Kd2 Bf5 49.Re3 Rc7 50.Kc3 Rb7 51.c5 Be6 
52.Re5 Kf3 53.c6 Rb1 54.Kc2 Rb8 55.c7 Rc8 56.Rc5 Ke3 57.Rd8 Kxf4 58.Rxc8 
Bxc8 59.Rxa5 Bf5+ 60.Rxf5+ 1-0

[Event "41st World U20 ch"]
[Site "Panaji IND"]
[Date "2002.12.18"]
[Round "11.12"]
[White "Potkin, Vladimir"]
[Black "Darban, Varighan"]
[Result "1-0"]
[WhiteElo "2495"]
[BlackElo "2310"]
[EventDate "2002.12.09"]
[PlyCount "99"]

1.e4 d6 2.d4 Nf6 3.Nc3 g6 4.Nf3 Bg7 5.Be2 O-O 6.O-O c6 7.a4 Qc7 8.Bf4 Nh5 
9.Be3 e5 10.Qd2 Nd7 11.Rfd1 Nhf6 12.h3 Re8 13.dxe5 dxe5 14.a5 Bf8 15.Bc4 
Nc5 16.Ng5 Ne6 17.Qe2 Bb4 18.Na4 Nxg5 19.Bxg5 Nh5 20.Qf3 Nf4 21.Nb6 Rb8 
22.Nxc8 Rbxc8 23.Qb3 Bf8 24.Rd2 Ne6 25.Bxe6 Rxe6 26.Rad1 Rd6 27.Rxd6 Bxd6 
28.Be3 a6 29.Qd3 Bb4 30.Bb6 Qe7 31.Qd7 Qf8 32.Qxb7 Rb8 33.Qxc6 Rc8 34.Qb7 
Kg7 35.c3 Bc5 36.Qxa6 Rc6 37.Qb5 Qc8 38.Bxc5 Rxc5 39.Qb6 Rc6 40.Qd8 Qa6 
41.Qd5 Re6 42.b4 Kf6 43.c4 Qa7 44.h4 Re8 45.c5 Kg7 46.c6 Re6 47.Qc4 Qc7 
48.Rd7 Qxc6 49.Qxc6 Rxc6 50.b5 1-0

[Event "41st World U20 ch"]
[Site "Panaji IND"]
[Date "2002.12.18"]
[Round "11.13"]
[White "Asauskas, Henrikas"]
[Black "Paragua, Mark"]
[Result "1/2-1/2"]
[WhiteElo "2331"]
[BlackElo "2476"]
[EventDate "2002.12.09"]
[PlyCount "138"]

1.e4 c5 2.Nf3 d6 3.d4 cxd4 4.Nxd4 Nf6 5.Nc3 Nc6 6.Bc4 Qb6 7.Nde2 e6 8.O-O 
Be7 9.Bb3 O-O 10.Ng3 Qa6 11.Nh5 b5 12.Bg5 Nxh5 13.Bxe7 Nxe7 14.Qxh5 b4 15.
Ne2 Bb7 16.Ng3 Qb6 17.a3 a5 18.axb4 axb4 19.Qg5 Ng6 20.Qd2 Qc5 21.Rad1 
Rfd8 22.Qd4 Qg5 23.Rfe1 h5 24.Qb6 Rd7 25.Qe3 Nf4 26.Qf3 d5 27.exd5 exd5 
28.h4 Qxh4 29.Nf5 Qg5 30.Nd4 Rdd8 31.Qg3 Qf6 32.Qf3 Bc8 33.g3 Nh3+ 34.Kg2 
Qg6 35.Qe3 Ng5 36.Rh1 Ne4 37.Qf4 Bb7 38.f3 Nc5 39.Nf5 Re8 40.Bxd5 Re2+ 41.
Kh3 Bc8 42.g4 Bxf5 43.gxf5 Qg2+ 44.Kh4 Qf2+ 45.Kxh5 Rae8 46.Rdg1 Qe3 47.
Qxe3 R8xe3 48.Ra1 Re8 49.Ra7 Rf8 50.Kg5 Rxc2 51.b3 Rd2 52.Bc4 Nd7 53.Re1 
Nb6 54.Rxf7 Nxc4 55.Rxf8+ Kxf8 56.bxc4 b3 57.Re3 Rb2 58.f6 Rb1 59.fxg7+ 
Kxg7 60.Re7+ Kf8 61.Rb7 Ke8 62.f4 b2 63.Kf5 Rc1 64.Rxb2 Rxc4 65.Rb6 Rc7 
66.Kg5 Rc1 67.Rb7 Kf8 68.f5 Rc6 69.Rd7 Ra6 1/2-1/2

[Event "41st World U20 ch"]
[Site "Panaji IND"]
[Date "2002.12.18"]
[Round "11.14"]
[White "Jeremic, Veljko"]
[Black "Glinert, Stephen"]
[Result "1/2-1/2"]
[WhiteElo "2487"]
[BlackElo "2351"]
[EventDate "2002.12.09"]
[PlyCount "94"]

1.d4 Nf6 2.c4 g6 3.Nc3 d5 4.Nf3 Bg7 5.Bf4 O-O 6.Rc1 dxc4 7.e3 Be6 8.Ng5 
Bd5 9.e4 h6 10.exd5 hxg5 11.Bxg5 Nxd5 12.Bxc4 Nb6 13.Bb3 Nc6 14.d5 Nd4 15.
O-O Qd7 16.h4 Rfe8 17.Re1 Rad8 18.a4 a5 19.Ba2 Kf8 20.h5 Qf5 21.f4 gxh5 
22.Qxh5 Qg6 23.Qxg6 fxg6 24.Re4 Rd7 25.Rd1 Nf5 26.g4 Nd6 27.Re6 Kf7 28.
Rde1 Nbc4 29.Bb1 Bf6 30.Bxf6 exf6 31.g5 f5 32.Rf6+ Kg7 33.Ree6 Rxe6 34.
dxe6 Rd8 35.Nd5 Rf8 36.Ba2 c6 37.e7 Re8 38.Nc7 Rxe7 39.Ne6+ Kh7 40.Nf8+ 
Kg7 41.Bxc4 Nxc4 42.Nxg6 Rf7 43.Re6 Nxb2 44.Ne5 Rc7 45.Rg6+ Kh7 46.Rh6+ 
Kg7 47.Rg6+ Kh7 1/2-1/2

[Event "41st World U20 ch"]
[Site "Panaji IND"]
[Date "2002.12.18"]
[Round "11.15"]
[White "Mastrovasilis, Dimitrios"]
[Black "Carlsson, Pontus"]
[Result "1/2-1/2"]
[WhiteElo "2461"]
[BlackElo "2376"]
[EventDate "2002.12.09"]
[PlyCount "208"]

1.e4 c5 2.b3 b6 3.Bb2 Bb7 4.Nc3 e6 5.Qf3 Nf6 6.O-O-O a6 7.Re1 d6 8.g4 Nc6 
9.g5 Nd7 10.h4 b5 11.Qg3 Qa5 12.Kb1 O-O-O 13.Bg2 Kb8 14.f4 Ka8 15.Nge2 Nb6
16.f5 e5 17.Qf2 f6 18.Nd5 Nxd5 19.exd5 Ne7 20.Be4 Ka7 21.Qg2 Nc8 22.Ng3 
Rd7 23.Rh3 Qd8 24.Nh5 Nb6 25.d3 Qe8 26.Ng3 Be7 27.Bc1 b4 28.Nf1 Rf8 29.Ne3
Bc8 30.Rg3 Bd8 31.Rf1 Kb8 32.Ng4 fxg5 33.hxg5 Rdf7 34.Ne3 a5 35.Rh1 a4 36.
Rxh7 Ra7 37.f6 gxf6 38.Rxa7 f5 39.Nxf5 Bxf5 40.Bxf5 Rxf5 41.Rh7 Qg8 42.Qh3
Rf8 43.g6 axb3 44.Qe6 bxc2+ 45.Kb2 Nxd5 46.Qxg8 Rxg8 47.g7 Bf6 48.Kxc2 Kc7
49.Bg5 Rxg7 50.Rxg7+ Bxg7 51.Rf3 Nf4 52.Bxf4 exf4 53.Rxf4 Kc6 54.Kb3 Be5 
55.Rg4 Kd5 56.Ka4 Ke6 57.Kb5 Kd5 58.Rc4 Bd4 59.Kb6 Be5 60.Kb5 Bd4 61.Ka4 
Ke5 62.Kb3 Kd5 63.Kc2 Ke5 64.Kd2 Kd5 65.Rc1 Be5 66.Ke3 Bd4+ 67.Ke2 Be5 68.
Rg1 Kd4 69.Kd2 Bf4+ 70.Kc2 Kd5 71.Rg4 Be3 72.Kd1 Bd4 73.Kd2 Bf6 74.Ke3 
Bd4+ 75.Ke2 Bf6 76.Re4 Bd4 77.Rh4 Bf6 78.Rg4 Be5 79.Rh4 Bf6 80.Rh5+ Kd4 
81.Kd2 Be5 82.Rf5 Bg7 83.Rf4+ Kd5 84.Rg4 Bf6 85.Rg6 Bc3+ 86.Ke3 Bd4+ 87.
Kf3 Be5 88.Rg4 Bf6 89.Ke2 Be5 90.Re4 Bf6 91.Rf4 Be5 92.Rf5 Kd4 93.Kd2 Bg7 
94.Rf7 Be5 95.Rh7 Bf4+ 96.Ke2 Be5 97.Rf7 Kd5 98.Kd2 Bc3+ 99.Kc2 Be5 100.
Rf5 Ke6 101.Rg5 Kd5 102.Rg4 Bf6 103.Kb3 Bd4 104.Re4 Be5 1/2-1/2

[Event "41st World U20 ch"]
[Site "Panaji IND"]
[Date "2002.12.18"]
[Round "11.16"]
[White "Kristjansson, Stefan"]
[Black "Prathamesh, Sunil Mokal"]
[Result "1-0"]
[WhiteElo "2431"]
[BlackElo "2335"]
[EventDate "2002.12.09"]
[PlyCount "71"]

1.e4 c5 2.c3 Nf6 3.e5 Nd5 4.d4 cxd4 5.Nf3 e6 6.cxd4 b6 7.Nc3 Nxc3 8.bxc3 
Qc7 9.Bd2 Bb7 10.Bd3 d6 11.O-O Nd7 12.Re1 dxe5 13.Ng5 Be7 14.Qh5 g6 15.Qh3
Bxg5 16.Bxg5 O-O 17.dxe5 Qc5 18.Qg3 Rfc8 19.Rad1 Rc7 20.Re3 Rac8 21.h4 Qf8
22.h5 a6 23.Be2 Nc5 24.Qh4 Rd7 25.Rxd7 Nxd7 26.Rh3 Qg7 27.Bf6 Nxf6 28.exf6
Qh6 29.Qd4 Qg5 30.Rg3 Qc5 31.Qh4 e5 32.Bg4 Rc6 33.Rh3 Rc7 34.hxg6 fxg6 35.
Be6+ Kf8 36.Rd3 1-0

[Event "41st World U20 ch"]
[Site "Panaji IND"]
[Date "2002.12.18"]
[Round "11.17"]
[White "Bar, Roman"]
[Black "Annaberdiev, Meilis"]
[Result "1/2-1/2"]
[WhiteElo "2413"]
[BlackElo "2305"]
[EventDate "2002.12.09"]
[PlyCount "88"]

1.e4 c6 2.d4 d5 3.Nd2 dxe4 4.Nxe4 Bf5 5.Ng3 Bg6 6.h4 h6 7.N1e2 e5 8.dxe5 
Qxd1+ 9.Kxd1 Nd7 10.f4 O-O-O 11.Bd2 Ne7 12.Nc3 Nc5 13.Be2 h5 14.Kc1 Nf5 
15.Nxf5 Bxf5 16.Bf3 Be7 17.Be3 f6 18.exf6 gxf6 19.a3 Bd6 20.b4 Ne6 21.Ne2 
Rdg8 22.Kb2 Bg4 23.Bxg4 Rxg4 24.g3 Bc7 25.Rad1 Re8 26.Bf2 Ng7 27.Nd4 Bb6 
28.Rhe1 Rd8 29.Rd3 Rg6 30.c3 a6 31.Kc2 Bxd4 32.Rxd4 Rxd4 33.Bxd4 Kd7 34.
Bf2 Nf5 35.Rd1+ Ke6 36.a4 Rg7 37.Rd3 Nd6 38.a5 Ne4 39.Be1 Kf5 40.Re3 Nd6 
41.Bf2 Rg8 42.Kd3 Rd8 43.Ke2 Ne4 44.Be1 Rd7 1/2-1/2

[Event "41st World U20 ch"]
[Site "Panaji IND"]
[Date "2002.12.18"]
[Round "11.18"]
[White "Vioreanu, Bogdan"]
[Black "Kidambi, Sundararajan"]
[Result "1/2-1/2"]
[WhiteElo "2379"]
[BlackElo "2408"]
[EventDate "2002.12.09"]
[PlyCount "57"]

1.d4 Nf6 2.c4 g6 3.Nc3 Bg7 4.e4 d6 5.Be2 O-O 6.Bg5 Na6 7.Qd2 e5 8.d5 c6 9.
Bd1 cxd5 10.cxd5 Nc5 11.Bc2 a5 12.Nge2 Bd7 13.a4 Ra6 14.Rb1 Qe8 15.b3 Nh5 
16.Be3 f5 17.f3 Nf4 18.O-O Bh6 19.Nxf4 Bxf4 20.Bxf4 exf4 21.Rfe1 fxe4 22.
Nxe4 Qd8 23.Qd4 Nxe4 24.Bxe4 Qb6 25.Red1 Rc8 26.Kf1 Qxd4 27.Rxd4 b5 28.
axb5 Bxb5+ 29.Ke1 1/2-1/2

[Event "41st World U20 ch"]
[Site "Panaji IND"]
[Date "2002.12.18"]
[Round "11.19"]
[White "Deepan Chakravarthy, Jeyakumar"]
[Black "Jirka, Jiri"]
[Result "0-1"]
[WhiteElo "2355"]
[BlackElo "2378"]
[EventDate "2002.12.09"]
[PlyCount "58"]

1.Nf3 d5 2.g3 g6 3.Bg2 Bg7 4.O-O c5 5.c4 d4 6.d3 Nc6 7.Na3 Nf6 8.Nc2 O-O 
9.a3 a5 10.Rb1 a4 11.Nd2 e5 12.b4 axb3 13.Nxb3 Qe7 14.e3 e4 15.dxe4 Nxe4 
16.Bxe4 Qxe4 17.Nxc5 Qe7 18.Nb3 d3 19.Qxd3 Bf5 20.Qe2 Qe4 21.Nc5 Qxc2 22.
Qxc2 Bxc2 23.Rxb7 Na5 24.Rb4 Rfc8 25.Nd7 Nxc4 26.f3 Ra7 27.Nb6 Nxb6 28.
Rxb6 Bd3 29.Rd1 Be2 0-1

[Event "41st World U20 ch"]
[Site "Panaji IND"]
[Date "2002.12.18"]
[Round "11.20"]
[White "Li Qun"]
[Black "Sandipan, Chanda"]
[Result "1/2-1/2"]
[WhiteElo "2320"]
[BlackElo "2510"]
[EventDate "2002.12.09"]
[PlyCount "49"]

1.e4 c5 2.c3 Nf6 3.e5 Nd5 4.Bc4 e6 5.Nf3 Nc6 6.d4 cxd4 7.cxd4 d6 8.a3 dxe5
9.dxe5 Be7 10.O-O O-O 11.Qe2 b6 12.Rd1 Bb7 13.b4 Qc7 14.Bxd5 exd5 15.Bb2 
Nd8 16.Nc3 Ne6 17.Nd4 a5 18.Rac1 Qd7 19.Nf5 Bg5 20.Rb1 axb4 21.axb4 d4 22.
Ne4 d3 23.Nxg5 Nxg5 24.Qg4 Ne6 25.Nd6 1/2-1/2

[Event "41st World U20 ch"]
[Site "Panaji IND"]
[Date "2002.12.18"]
[Round "11.21"]
[White "Bromberger, Stefan"]
[Black "Leong Chee Ming, Luke"]
[Result "1/2-1/2"]
[WhiteElo "2414"]
[BlackElo "2297"]
[EventDate "2002.12.09"]
[PlyCount "46"]

1.e4 e6 2.d4 d5 3.Nc3 dxe4 4.Nxe4 Bd7 5.Nf3 Bc6 6.Bd3 Nd7 7.O-O Ngf6 8.Ng3
Be7 9.Re1 O-O 10.Ne5 Nxe5 11.Rxe5 b6 12.b3 Bd6 13.Re2 Bxg3 14.hxg3 Qd5 15.
Qf1 Qxd4 16.Bf4 Qd7 17.Rd1 Qe7 18.Qe1 Bb7 19.c4 Rfd8 20.Red2 Kf8 21.f3 Rd7
22.g4 Rad8 23.Qe5 Kg8 1/2-1/2

[Event "41st World U20 ch"]
[Site "Panaji IND"]
[Date "2002.12.18"]
[Round "11.22"]
[White "Perez Candelario, Manuel"]
[Black "Eriksson, Jonas"]
[Result "1/2-1/2"]
[WhiteElo "2408"]
[BlackElo "2278"]
[EventDate "2002.12.09"]
[PlyCount "67"]

1.c4 f5 2.Nc3 Nf6 3.g3 g6 4.Bg2 Bg7 5.Nf3 O-O 6.O-O d6 7.d3 e5 8.Rb1 Nc6 
9.b4 h6 10.b5 Ne7 11.Qb3 Be6 12.Nd2 Qc8 13.Ba3 f4 14.Rbc1 Kh7 15.Nde4 Nf5 
16.Nxf6+ Bxf6 17.Qd1 Bg5 18.Ne4 Be7 19.Bb2 Nd4 20.Bxd4 exd4 21.Qd2 Bh3 22.
Qb2 Bxg2 23.Kxg2 Rf5 24.Qxd4 Rh5 25.h4 Rxh4 26.Rh1 Rxh1 27.Rxh1 Qf5 28.f3 
Qe5 29.Qxe5 dxe5 30.g4 Kg7 31.a4 a5 32.Rc1 Bb4 33.c5 Rd8 34.c6 1/2-1/2

[Event "41st World U20 ch"]
[Site "Panaji IND"]
[Date "2002.12.18"]
[Round "11.24"]
[White "Gozzoli, Yannick"]
[Black "Sriram, Sarja"]
[Result "0-1"]
[WhiteElo "2377"]
[BlackElo "2100"]
[EventDate "2002.12.09"]
[PlyCount "84"]

1.Nf3 Nf6 2.c4 e6 3.g3 d5 4.Bg2 Be7 5.O-O O-O 6.d4 dxc4 7.Qc2 a6 8.a4 Bd7 
9.Qxc4 Bc6 10.Nc3 b5 11.Qd3 b4 12.Nb1 Be4 13.Qd1 c5 14.Nbd2 Bd5 15.dxc5 
Nbd7 16.b3 Nxc5 17.Bb2 Rc8 18.Qb1 Qb6 19.Bd4 Qb7 20.Qb2 Rfd8 21.Rad1 Rc7 
22.Rfe1 Nce4 23.Bf1 Rdc8 24.Nxe4 Nxe4 25.Bxg7 Nc3 26.Be5 Nxd1 27.Rxd1 Rc2 
28.Qd4 Be4 29.Bh8 f6 30.Ng5 Kxh8 31.Qxe4 Qxe4 32.Nxe4 f5 33.Nd6 R8c3 34.e3
Rc1 35.Rxc1 Rxc1 36.Nb7 Rb1 37.Na5 Bd6 38.Nb7 Bc7 39.Kg2 Rxb3 40.Bc4 Rc3 
41.Bxe6 b3 42.Bxf5 b2 0-1

[Event "41st World U20 ch"]
[Site "Panaji IND"]
[Date "2002.12.18"]
[Round "11.25"]
[White "Jagadish, H. D."]
[Black "Roy Chowdhury, Saptarshi"]
[Result "0-1"]
[WhiteElo "2130"]
[BlackElo "2376"]
[EventDate "2002.12.09"]
[PlyCount "56"]

1.e4 c5 2.Nf3 Nc6 3.Bb5 e6 4.O-O Nge7 5.c3 a6 6.Ba4 b5 7.Bc2 Bb7 8.Qe2 c4 
9.d4 cxd3 10.Bxd3 Ng6 11.Bg5 Be7 12.Be3 Qc7 13.Nbd2 Nf4 14.Bxf4 Qxf4 15.
Nb3 O-O 16.Rad1 d6 17.Bb1 Rfd8 18.Nfd4 Rac8 19.g3 Qh6 20.f4 Re8 21.Nxc6 
Bxc6 22.Nd4 Bb7 23.a3 Bd8 24.f5 Bb6 25.fxe6 fxe6 26.Ba2 Qg6 27.e5 dxe5 28.
Qxe5 Qc2 0-1

[Event "41st World U20 ch"]
[Site "Panaji IND"]
[Date "2002.12.18"]
[Round "11.26"]
[White "Kamble, Vikramaditya"]
[Black "Collins, Sam"]
[Result "1/2-1/2"]
[WhiteElo "2317"]
[BlackElo "2372"]
[EventDate "2002.12.09"]
[PlyCount "102"]

1.e4 c5 2.Nf3 d6 3.d4 cxd4 4.Nxd4 Nf6 5.Nc3 g6 6.Be3 Bg7 7.f3 Nc6 8.Qd2 
O-O 9.g4 Be6 10.O-O-O Nxd4 11.Bxd4 Qa5 12.Kb1 Rfc8 13.a3 Rab8 14.g5 Nh5 
15.Nd5 Qxd2 16.Rxd2 Bxd5 17.exd5 b5 18.Bxa7 Ra8 19.Bd4 Bxd4 20.Rxd4 Rc5 
21.Rg1 Ng7 22.Bd3 Nf5 23.Rb4 Ra5 24.Bxf5 gxf5 25.Rd1 Ra6 26.Re1 Kf8 27.Rd4
Ra7 28.c3 Kg7 29.Kc2 Kg6 30.f4 Rac7 31.Re3 Rc4 32.Red3 Kh5 33.b3 Rxd4 34.
Rxd4 Kg4 35.c4 Kh3 36.Kb2 bxc4 37.Rxc4 Rb7 38.a4 e5 39.dxe6 fxe6 40.a5 e5 
41.b4 e4 42.a6 Ra7 43.b5 d5 44.Rd4 Kg4 45.Ra4 e3 46.b6 e2 47.bxa7 e1=Q 48.
a8=Q Qd2+ 49.Kb3 Qd3+ 50.Kb2 Qd2+ 51.Kb3 Qd3+ 1/2-1/2

[Event "41st World U20 ch"]
[Site "Panaji IND"]
[Date "2002.12.18"]
[Round "11.27"]
[White "Kjartansson, David"]
[Black "Das, Arghyadip"]
[Result "1/2-1/2"]
[WhiteElo "2224"]
[BlackElo "2324"]
[EventDate "2002.12.09"]
[PlyCount "48"]

1.e4 c5 2.Nf3 d6 3.d4 cxd4 4.Nxd4 Nf6 5.Nc3 Nc6 6.Bg5 e6 7.Qd2 Be7 8.f3 
O-O 9.O-O-O Nxd4 10.Qxd4 a6 11.Kb1 Qa5 12.Be3 b5 13.Qd2 b4 14.Ne2 e5 15.
Nc1 Be6 16.g4 d5 17.g5 d4 18.Bxd4 Rfd8 19.Qf2 Nxe4 20.fxe4 Bxg5 21.Nb3 
Bxb3 22.axb3 exd4 23.Bc4 Bf6 24.Rd3 Ra7 1/2-1/2

[Event "41st World U20 ch"]
[Site "Panaji IND"]
[Date "2002.12.18"]
[Round "11.28"]
[White "Poliakov, Dmitry"]
[Black "Ravichandran, Siddharth"]
[Result "1/2-1/2"]
[WhiteElo "2290"]
[BlackElo "2223"]
[EventDate "2002.12.09"]
[PlyCount "145"]

1.d4 d5 2.Nf3 Nf6 3.Bf4 e6 4.e3 c5 5.Be2 Nc6 6.O-O Be7 7.c4 O-O 8.Nc3 dxc4
9.Bxc4 Nh5 10.Be5 cxd4 11.exd4 Nxe5 12.Nxe5 Nf6 13.Re1 Qb6 14.Qd2 Rd8 15.
Rad1 Bd7 16.Re3 Rac8 17.Rg3 Be8 18.Bb3 Rxc3 19.bxc3 Ne4 20.Qf4 Nxg3 21.
hxg3 Bd6 22.Re1 Qc7 23.Qf3 b5 24.Bc2 b4 25.Qd3 g6 26.cxb4 Bxb4 27.Rb1 Bc5 
28.Nf3 Bb6 29.Bb3 Bc6 30.Rd1 Bxf3 31.Qxf3 Rxd4 32.Rxd4 Bxd4 33.Qd1 Bb6 34.
Kf1 Qc5 35.Qc2 Qd4 36.Kg1 Qe5 37.Kf1 h5 38.Qe2 Qc3 39.Qc2 Qd4 40.Kg1 Kg7 
41.Kf1 Qe5 42.Qe2 Qd4 43.Qc2 h4 44.gxh4 Qxh4 45.Kg1 Qf4 46.Qe2 Bd4 47.Bd1 
Bb6 48.Qf3 Qd2 49.Qe2 Qd4 50.Bb3 e5 51.g3 e4 52.Kg2 Qe5 53.Qc4 Qf5 54.Qe2 
Qe5 55.Qc4 Qe7 56.Qc3+ Kh7 57.Qc4 Kg8 58.Qc6 Kg7 59.Qc3+ Qf6 60.Qxf6+ Kxf6
61.Bd5 e3 62.fxe3 Bxe3 63.Kf3 Bb6 64.g4 Ke7 65.Ke4 Bc7 66.Bb3 Kf6 67.Kf3 
Kg7 68.Ke4 f6 69.Be6 Kh6 70.Kf3 Kg5 71.Bf7 f5 72.gxf5 Kxf5 73.Kg2 1/2-1/2

[Event "41st World U20 ch"]
[Site "Panaji IND"]
[Date "2002.12.18"]
[Round "11.29"]
[White "Geirnaert, Steven"]
[Black "Akshayraj, Kore"]
[Result "1-0"]
[WhiteElo "2277"]
[BlackElo "2167"]
[EventDate "2002.12.09"]
[PlyCount "49"]

1.e4 c5 2.Nf3 Nc6 3.d4 cxd4 4.Nxd4 Nf6 5.Nc3 e5 6.Ndb5 d6 7.Bg5 a6 8.Na3 
b5 9.Bxf6 gxf6 10.Nd5 f5 11.Bd3 Be6 12.O-O Bxd5 13.exd5 Ne7 14.c3 Bg7 15.
Qh5 e4 16.Bc2 O-O 17.Rad1 Qc8 18.Rfe1 b4 19.cxb4 Bxb2 20.Re3 Bxa3 21.Rh3 
Rd8 22.Qxh7+ Kf8 23.Qh6+ Ke8 24.Ba4+ Rd7 25.Qh8+ 1-0

[Event "41st World U20 ch"]
[Site "Panaji IND"]
[Date "2002.12.18"]
[Round "11.30"]
[White "Thakur, Akash"]
[Black "Gopal, Geetha Narayanan"]
[Result "0-1"]
[WhiteElo "2257"]
[BlackElo "2174"]
[EventDate "2002.12.09"]
[PlyCount "106"]

1.e4 c5 2.Nc3 Nc6 3.g3 g6 4.Bg2 Bg7 5.f4 d6 6.Nf3 e6 7.d3 Nge7 8.O-O O-O 
9.h4 Rb8 10.Rb1 b5 11.Be3 Nd4 12.Ne2 Nxe2+ 13.Qxe2 b4 14.h5 Qa5 15.Bh3 c4 
16.hxg6 hxg6 17.Ng5 Bd7 18.Qh2 Rfc8 19.Bg4 cxd3 20.cxd3 b3 21.a3 Rc2 22.
Qh7+ Kf8 23.Kh1 Qa4 24.d4 Ng8 25.Nxe6+ Bxe6 26.Bxe6 Nf6 27.Qh3 Ke7 28.e5 
Rh8 29.exf6+ Bxf6 30.Qxh8 Bxh8 31.Bd5 Bxd4 32.Bxd4 Qxd4 33.Rbe1+ Kf6 34.
Bxb3 Rxb2 35.Bd1 Qd2 36.Re2 Qd5+ 37.Kg1 Rxe2 38.Bxe2 Qc5+ 39.Kg2 Qxa3 40.
Rf3 Qb2 41.Kf1 a5 42.Rd3 Qb4 43.Bd1 a4 44.Ke2 a3 45.Bb3 a2 46.Bxa2 Qe4+ 
47.Kd2 Qg2+ 48.Ke3 Qxa2 49.Rxd6+ Kf5 50.Rd3 Kg4 51.Ke4 f5+ 52.Kd4 Qf2+ 53.
Re3 Qxe3+ 0-1

[Event "41st World U20 ch"]
[Site "Panaji IND"]
[Date "2002.12.18"]
[Round "11.31"]
[White "Naveen, R."]
[Black "Phoobalan, P."]
[Result "1/2-1/2"]
[WhiteElo "2099"]
[BlackElo "2227"]
[EventDate "2002.12.09"]
[PlyCount "106"]

1.e4 e5 2.Bc4 Nc6 3.Nf3 Nf6 4.d3 Be7 5.O-O O-O 6.c3 d5 7.exd5 Nxd5 8.Re1 
Bg4 9.h3 Bh5 10.g4 Bg6 11.Nxe5 Nxe5 12.Rxe5 Nb6 13.Bb3 Bf6 14.Re3 Nd5 15.
Re1 Qd6 16.Qf3 Rfe8 17.Rd1 c6 18.Nd2 Qe5 19.Nf1 Bh4 20.Bxd5 cxd5 21.Be3 f5
22.Bd4 fxg4 23.Qxg4 Qg5 24.Nh2 Bh5 25.Qxg5 Bxg5 26.Re1 Be2 27.Be3 Bxe3 28.
Rxe2 Bf4 29.Rae1 Rxe2 30.Rxe2 Kf7 31.Nf3 Re8 32.Rxe8 Kxe8 33.c4 dxc4 34.
dxc4 Kd7 35.Ne1 Be5 36.Nd3 Bd4 37.Kg2 Ke6 38.Kf3 Kf5 39.b3 g5 40.b4 h5 41.
Ke2 g4 42.hxg4+ Kxg4 43.c5 a6 44.a4 h4 45.b5 axb5 46.axb5 h3 47.c6 bxc6 
48.bxc6 Bb6 49.Kf1 Kf3 50.Kg1 Bc7 51.Nc5 h2+ 52.Kh1 Kxf2 53.Ne6 Bd6 
1/2-1/2

[Event "41st World U20 ch"]
[Site "Panaji IND"]
[Date "2002.12.18"]
[Round "11.32"]
[White "Cruz, Wilson"]
[Black "Vuilleumier, Alexandre"]
[Result "0-1"]
[WhiteElo "2021"]
[BlackElo "2193"]
[EventDate "2002.12.09"]
[PlyCount "121"]

1.e4 c5 2.Nf3 d6 3.d4 cxd4 4.Nxd4 Nf6 5.Nc3 Nc6 6.Bg5 e6 7.Qd2 a6 8.O-O-O 
h6 9.Bf4 Bd7 10.Nxc6 Bxc6 11.f3 d5 12.exd5 Nxd5 13.Nxd5 Qxd5 14.Qxd5 Bxd5 
15.c4 Bc6 16.Be2 Be7 17.Bd6 Rc8 18.Kc2 Bd5 19.Bxe7 Kxe7 20.Kb3 Bc6 21.Rd2 
g5 22.Rhd1 h5 23.h4 Rcg8 24.hxg5 Rxg5 25.Bf1 h4 26.Kc3 Rg3 27.b4 h3 28.
gxh3 Rxf3+ 29.Rd3 Rxd3+ 30.Rxd3 Rg8 31.Re3 f5 32.b5 axb5 33.cxb5 Bd5 34.a4
Rg1 35.Bd3 f4 36.Re5 f3 37.a5 f2 38.Rh5 Rg3 39.Rh7+ Kd6 40.Rf7 Be4 41.Rxf2
Rxd3+ 42.Kb4 Rxh3 43.a6 bxa6 44.bxa6 Kc6 45.a7 Rh8 46.Ra2 Ra8 47.Ra6+ Kd7 
48.Kc5 Rc8+ 49.Kd4 Ba8 50.Ke5 Rc6 51.Ra1 Ke7 52.Ra2 Rc5+ 53.Kd4 Kd6 54.
Ra6+ Rc6 55.Ra2 e5+ 56.Kd3 Rb6 57.Rh2 Rb7 58.Ra2 Kc5 59.Ra5+ Rb5 60.Ra6 
Kd5 61.Kc3 0-1

[Event "41st World U20 ch"]
[Site "Panaji IND"]
[Date "2002.12.18"]
[Round "11.33"]
[White "Dutta, Sayantan"]
[Black "Byomakesh, Nayak"]
[Result "1/2-1/2"]
[WhiteElo "2275"]
[BlackElo "2136"]
[EventDate "2002.12.09"]
[PlyCount "153"]

1.e4 e6 2.d4 d5 3.Nd2 c5 4.exd5 Qxd5 5.Ngf3 cxd4 6.Bc4 Qd6 7.O-O Nf6 8.Nb3
Nc6 9.Nbxd4 Nxd4 10.Nxd4 Bd7 11.c3 Qc7 12.Qe2 Bd6 13.h3 O-O 14.Nb5 Bxb5 
15.Bxb5 Nd5 16.Qc2 Rfd8 17.Rd1 Rac8 18.Bf1 Bc5 19.a3 Qe5 20.Qe2 Qf5 21.g3 
Nf6 22.Rxd8+ Rxd8 23.Be3 Bxe3 24.Qxe3 Qc2 25.b4 b6 26.c4 Qd2 27.Qxd2 Rxd2 
28.Rc1 Kf8 29.Bg2 Ke7 30.c5 bxc5 31.bxc5 Rd7 32.Kf1 Rc7 33.Ke2 Nd7 34.c6 
Nb6 35.Ke3 Kd6 36.Kd4 Nd5 37.Be4 e5+ 38.Kd3 g6 39.g4 Ne7 40.Rb1 Nxc6 41.g5
Nd4 42.h4 Ke6 43.Rb8 f5 44.gxf6 Kxf6 45.a4 Ne6 46.Ke2 Rc4 47.f3 Rxa4 48.
Rh8 Ra2+ 49.Kd3 Nc5+ 50.Kc4 Nxe4 51.fxe4 Rd2 52.Rxh7 Rd4+ 53.Kc3 Rxe4 54.
h5 gxh5 55.Rxh5 a5 56.Rh6+ Kf5 57.Ra6 a4 58.Ra8 a3 59.Kd2 Rh4 60.Rxa3 Rh2+
61.Ke1 e4 62.Rb3 Kf4 63.Ra3 Rb2 64.Rc3 Ra2 65.Rb3 Ra1+ 66.Ke2 Rh1 67.Ra3 
Rh2+ 68.Ke1 Ke5 69.Rb3 Kd4 70.Rg3 Rh5 71.Ra3 Kc4 72.Rg3 Rh2 73.Re3 Kd4 74.
Ra3 Rc2 75.Kd1 Rc4 76.Ke2 Rb4 77.Ke1 1/2-1/2

[Event "41st World U20 ch"]
[Site "Panaji IND"]
[Date "2002.12.18"]
[Round "11.34"]
[White "Singh, Rishipal"]
[Black "Pereira, Edgar"]
[Result "1/2-1/2"]
[WhiteElo "2252"]
[BlackElo "2049"]
[EventDate "2002.12.09"]
[PlyCount "103"]

1.c4 Nf6 2.Nc3 c5 3.e4 Nc6 4.g3 g6 5.Bg2 Bg7 6.Nge2 O-O 7.O-O d6 8.Rb1 e5 
9.f4 Rb8 10.d3 a6 11.a4 Bd7 12.h3 Nb4 13.f5 Ne8 14.h4 Nc7 15.Be3 b5 16.b3 
Nc6 17.axb5 axb5 18.Qd2 Nd4 19.Bh3 f6 20.g4 Qe7 21.Ng3 Rb6 22.g5 Rfb8 23.
Nd5 Nxd5 24.cxd5 b4 25.Qg2 Bb5 26.gxf6 Bxf6 27.fxg6 Bxd3 28.Nh5 Bxf1 29.
Rxf1 Rf8 30.Bh6 Rbb8 31.Bf5 Nxf5 32.Rxf5 Bxh4 33.Rf7 Rxf7 34.gxf7+ Kxf7 
35.Qg7+ Ke8 36.Qg8+ Kd7 37.Qxb8 Bf2+ 38.Kg2 Qh4 39.Qb7+ Kd8 40.Qb8+ Kd7 
41.Qb5+ Kd8 42.Qe2 Bd4 43.Qf3 Kc7 44.Bd2 Kb6 45.Nf6 Kb5 46.Kf1 Ka5 47.Ne8 
Qh2 48.Qg2 Qh5 49.Nxd6 Qd1+ 50.Be1 Qd3+ 51.Qe2 Qh3+ 52.Qg2 1/2-1/2

[Event "41st World U20 ch"]
[Site "Panaji IND"]
[Date "2002.12.18"]
[Round "11.35"]
[White "Macak, Stefan"]
[Black "Pranjal, Phukan"]
[Result "1-0"]
[WhiteElo "2246"]
[BlackElo "2059"]
[EventDate "2002.12.09"]
[PlyCount "101"]

1.e4 c6 2.d4 d5 3.e5 Bf5 4.Nc3 e6 5.g4 Bg6 6.Nge2 h6 7.h4 Bb4 8.h5 Be4 9.
Rh3 c5 10.a3 Bxc3+ 11.Rxc3 c4 12.Ng3 Bh7 13.Bg2 Nd7 14.a4 Rc8 15.f4 Ne7 
16.Qf3 Qb6 17.a5 Qb4 18.Bf1 Nc6 19.Qf2 b6 20.axb6 Qxb6 21.Ne2 Nb4 22.Kd1 
f6 23.Be3 O-O 24.Ng3 Rfd8 25.Kc1 fxe5 26.dxe5 Nc5 27.Bd4 Rc7 28.f5 Rb8 29.
Rb1 Na2+ 30.Kd1 Nxc3+ 31.Bxc3 Ne4 32.Nxe4 dxe4 33.Qxb6 axb6 34.Bh3 Rf7 35.
f6 b5 36.Ke2 b4 37.Bd4 Rd8 38.Ke3 Rfd7 39.Rd1 gxf6 40.g5 Bf5 41.Bxf5 exf5 
42.gxf6 Kf7 43.c3 bxc3 44.bxc3 Rg8 45.Rb1 Rc7 46.Rb6 Re8 47.Kf4 Re6 48.Rb8
Rd7 49.Kxf5 Rxd4 50.cxd4 e3 51.Rb7+ 1-0

[Event "41st World U20 ch"]
[Site "Panaji IND"]
[Date "2002.12.18"]
[Round "11.36"]
[White "Kosmo, Santul"]
[Black "Sangma, Rahul"]
[Result "1-0"]
[WhiteElo "2145"]
[BlackElo "2214"]
[EventDate "2002.12.09"]
[PlyCount "65"]

1.e4 e6 2.d4 d5 3.Nc3 Bb4 4.e5 c5 5.a3 cxd4 6.axb4 dxc3 7.Nf3 Qc7 8.Ra3 
cxb2 9.Bxb2 Ne7 10.Bd3 Nbc6 11.b5 Nb4 12.O-O Nxd3 13.Qxd3 b6 14.Rc3 Qd8 
15.Ba3 a5 16.Bd6 Ra7 17.Nd4 Bd7 18.Nc6 Bxc6 19.bxc6 Nc8 20.Ba3 f6 21.exf6 
gxf6 22.Qh3 Kf7 23.Re1 e5 24.Qh5+ Ke6 25.Rxe5+ fxe5 26.Qg4+ Kf7 27.Rf3+ 
Qf6 28.Qh5+ Ke6 29.Qg4+ Kf7 30.Qh5+ Ke6 31.Rxf6+ Kxf6 32.f4 Rd8 33.Qg5+ 
1-0

[Event "41st World U20 ch"]
[Site "Panaji IND"]
[Date "2002.12.18"]
[Round "11.37"]
[White "Soumya, Ranjan Mishra"]
[Black "Arjun Tiwari, Deepak"]
[Result "1-0"]
[WhiteElo "2207"]
[BlackElo "2154"]
[EventDate "2002.12.09"]
[PlyCount "49"]

1.e4 c5 2.Nf3 Nc6 3.c3 d5 4.exd5 Qxd5 5.d4 cxd4 6.cxd4 e5 7.Nc3 Bb4 8.Bd2 
Bxc3 9.Bxc3 exd4 10.Nxd4 Nxd4 11.Bxd4 f6 12.Be2 Ne7 13.O-O Nf5 14.Bh5+ Kd7
15.Bxa7 Ne7 16.Bc5 Ra6 17.Bf7 Qxd1 18.Raxd1+ Kc7 19.Bxe7 Be6 20.Bxe6 Rxe6 
21.Bb4 Re2 22.Rd2 Rhe8 23.Rxe2 Rxe2 24.Bc3 b5 25.a3 1-0